[Event "ESP-ch U14 rapid"]
[Site "Salobrena"]
[Date "2023.07.23"]
[Round "5"]
[White "Palomo Monserrat, Lorenzo"]
[Black "Valdivia Khudiakova, Ekaterina"]
[Result "1/2-1/2"]
[WhiteElo "1787"]
[BlackElo "1145"]
[PlyCount "142"]
[EventDate "2023.07.22"]
[EventType "swiss (rapid)"]
[EventRounds "9"]
[EventCountry "ESP"]
[SourceTitle "EXT 2024"]
[Source "ChessBase"]
[SourceDate "2023.10.10"]
[SourceVersion "1"]
[SourceVersionDate "2023.10.10"]
[SourceQuality "1"]

1. d4 d5 2. c4 e6 3. Nc3 Nf6 4. cxd5 exd5 5. Bg5 Be7 6. e3 c6 7. Bd3 0-0 8. h3 Nbd7 9. Nf3 Ne4 10. Bxe7 Qxe7 11. Qc2 Nxc3 12. Qxc3 Nf6 13. 0-0 Ne4 14. Qc2 Ng5 15. Nd2 Nxh3+ 16. gxh3 Bxh3 17. Nf3 Qf6 18. Be2 Bxf1 19. Rxf1 Rfe8 20. Kg2 Re4 21. Rh1 Qg6+ 22. Kf1 Qf6 23. Ne5 Rh4 24. Rxh4 Qxh4 25. Bf3 f6 26. Nd3 Qh3+ 27. Ke2 Re8 28. Nc5 Qh4 29. Qc3 b6 30. Nb3 c5 31. Bxd5+ Kh8 32. dxc5 bxc5 33. Qc4 Qh5+ 34. Bf3 Qf5 35. Qxc5 Qd7 36. Bc6 Qg4+ 37. Bf3 Qd7 38. Qc6 Qxc6 39. Bxc6 Rc8 40. Be4 g6 41. Nd4 a5 42. a3 Rb8 43. b3 f5 44. Bd5 f4 45. Nc6 Rb5 46. Bc4 Rc5 47. Nd4 fxe3 48. fxe3 h5 49. e4 h4 50. Nf3 h3 51. e5 h2 52. Nxh2 Rxe5+ 53. Kd3 g5 54. Ng4 Rf5 55. Nh6 Rf3+ 56. Ke4 Rf4+ 57. Ke5 Kg7 58. Nf5+ Kg6 59. Bd3 Kh5 60. Be2+ Kg6 61. Ng3 Rf8 62. Bd3+ Kh6 63. Kd5 g4 64. Kc5 Rf3 65. Nf5+ Kg5 66. Kd4 Rxf5 67. Bxf5 Kxf5 68. Ke3 Ke5 69. b4 axb4 70. axb4 Kd5 71. Kf4 Kc4 1/2-1/2

[Event "ESP-ch U14 rapid"]
[Site "Salobrena"]
[Date "2023.07.22"]
[Round "2"]
[White "Burgui Bueno, Juan"]
[Black "Palomo Monserrat, Lorenzo"]
[Result "1/2-1/2"]
[WhiteElo "1411"]
[BlackElo "1787"]
[PlyCount "106"]
[EventDate "2023.07.22"]
[EventType "swiss (rapid)"]
[EventRounds "9"]
[EventCountry "ESP"]
[SourceTitle "EXT 2024"]
[Source "ChessBase"]
[SourceDate "2023.10.10"]
[SourceVersion "1"]
[SourceVersionDate "2023.10.10"]
[SourceQuality "1"]

1. c4 e5 2. Nc3 Nc6 3. g3 g6 4. Bg2 Bg7 5. e4 d6 6. d3 Nge7 7. Nge2 0-0 8. 0-0 Be6 9. a3 a5 10. Be3 f5 11. Qd2 fxe4 12. Nxe4 Nf5 13. Bg5 Qe8 14. g4 Nfd4 15. Nxd4 Nxd4 16. Qd1 Qd7 17. h3 a4 18. Rb1 b5 19. Nc3 bxc4 20. Bxa8 Rxa8 21. f4 h6 22. Bh4 exf4 23. Rxf4 g5 24. Bxg5 hxg5 25. Re4 cxd3 26. Qxd3 Rf8 27. Rxd4 Bxd4+ 28. Qxd4 Bb3 29. Qe3 Qg7 30. Ne4 Bc2 31. Rc1 Bxe4 32. Qxe4 Qxb2 33. Qg6+ Qg7 34. Qxg7+ Kxg7 35. Rxc7+ Rf7 36. Rxf7+ Kxf7 37. Kf2 Ke6 38. Kg3 d5 39. h4 gxh4+ 40. Kxh4 Ke5 41. g5 Kf5 42. Kh5 d4 43. g6 d3 44. Kh6 d2 45. g7 d1Q 46. g8Q Qh1+ 47. Kg7 Qb7+ 48. Qf7+ Qxf7+ 49. Kxf7 Ke5 50. Kg6 Kd4 51. Kf5 Kc3 52. Ke4 Kc4 53. Ke3 Kc3 1/2-1/2

[Event "ESP-ch U12 rapid"]
[Site "Salobrena"]
[Date "2023.07.15"]
[Round "4"]
[White "Palomo Monserrat, Lorenzo"]
[Black "Munoz Dodim, Jordi"]
[Result "1-0"]
[WhiteElo "1787"]
[BlackElo "1312"]
[PlyCount "71"]
[EventDate "2023.07.15"]
[EventType "swiss (rapid)"]
[EventRounds "9"]
[EventCountry "ESP"]
[SourceTitle "EXT 2024"]
[Source "ChessBase"]
[SourceDate "2023.10.10"]
[SourceVersion "1"]
[SourceVersionDate "2023.10.10"]
[SourceQuality "1"]

1. d4 Nf6 2. c4 g6 3. Nc3 Bg7 4. e4 d6 5. Nf3 Nbd7 6. Be2 0-0 7. 0-0 Re8 8. Ne1 e5 9. d5 Nc5 10. f3 a5 11. Be3 Ncd7 12. Nd3 Qe7 13. a3 b6 14. b4 axb4 15. axb4 Bb7 16. Qb3 Rec8 17. c5 dxc5 18. bxc5 Ba6 19. d6 cxd6 20. cxb6 Rcb8 21. Nb4 Bb7 22. Nb5 Nc5 23. Qc4 Rc8 24. Nc7 Rxa1 25. Rxa1 Rxc7 26. bxc7 Qxc7 27. Nd5 Nxd5 28. exd5 e4 29. Rc1 Ba6 30. Qc2 Bxe2 31. Qxe2 exf3 32. Qxf3 Qe7 33. Rb1 Qc7 34. Qe2 Qe7 35. Rb8+ Bf8 36. Bh6 1-0

[Event "ESP-ch U12"]
[Site "Salobrena"]
[Date "2023.07.15"]
[Round "9"]
[White "Palomo Monserrat, Lorenzo"]
[Black "Truter, Maximilian"]
[Result "1/2-1/2"]
[WhiteElo "1760"]
[BlackElo "1528"]
[PlyCount "60"]
[EventDate "2023.07.10"]
[EventType "swiss"]
[EventRounds "9"]
[EventCountry "ESP"]
[SourceTitle "EXT 2024"]
[Source "ChessBase"]
[SourceDate "2023.10.10"]
[SourceVersion "1"]
[SourceVersionDate "2023.10.10"]
[SourceQuality "1"]

1. d4 Nf6 2. c4 g6 3. Nc3 d5 4. cxd5 Nxd5 5. e4 Nxc3 6. bxc3 Bg7 7. Bc4 c5 8. Ne2 Nc6 9. Be3 0-0 10. 0-0 Qc7 11. Rc1 Rd8 12. f3 b6 13. Qd2 Bb7 14. Rfd1 Rac8 15. Bh6 Na5 16. Bd3 Qd6 17. h4 cxd4 18. Bxg7 Kxg7 19. cxd4 Qf6 20. Qe1 Rxc1 21. Rxc1 Rxd4 22. e5 Qxe5 23. Nxd4 Qxd4+ 24. Kh1 Qxd3 25. Qe5+ Kg8 26. Qb8+ Kg7 27. Qe5+ Kg8 28. Qb8+ Kg7 29. Qe5+ Kg8 30. Qb8+ Kg7 1/2-1/2

[Event "ESP-ch U12"]
[Site "Salobrena"]
[Date "2023.07.14"]
[Round "7"]
[White "Palomo Monserrat, Lorenzo"]
[Black "Garcia Rodriguez, Adriana"]
[Result "1-0"]
[WhiteElo "1760"]
[BlackElo "1569"]
[PlyCount "143"]
[EventDate "2023.07.10"]
[EventType "swiss"]
[EventRounds "9"]
[EventCountry "ESP"]
[SourceTitle "EXT 2024"]
[Source "ChessBase"]
[SourceDate "2023.10.10"]
[SourceVersion "1"]
[SourceVersionDate "2023.10.10"]
[SourceQuality "1"]

1. d4 e6 2. c4 d5 3. Nc3 c6 4. cxd5 cxd5 5. Bf4 a6 6. e3 Be7 7. Bd3 Nf6 8. Nf3 Nh5 9. Bg3 Nxg3 10. hxg3 h6 11. Rc1 Nd7 12. 0-0 0-0 13. Bb1 b5 14. Qd3 Nf6 15. Ne5 Bb7 16. Ne2 Bd6 17. Nf4 Bxe5 18. dxe5 Ne4 19. Nh3 g6 20. Nf4 Qg5 21. Qd4 Rac8 22. Bxe4 dxe4 23. Qd7 Rxc1 24. Rxc1 Ba8 25. Rc7 Qd8 26. Kf1 Qxd7 27. Rxd7 Rc8 28. Ke2 Bc6 29. Rd6 g5 30. Nh5 Kf8 31. Nf6 Bb7 32. Kd2 a5 33. a3 Kg7 34. g4 Rc5 35. Nd7 Rc7 36. b4 axb4 37. axb4 Kg6 38. Nc5 Bd5 39. Rd8 Ra7 40. Nd7 f5 41. exf6 Ra2+ 42. Kc3 Rxf2 43. Ne5+ Kxf6 44. Rf8+ Kxe5 45. Rxf2 Bc4 46. g3 Bd3 47. Rh2 Kf6 48. Kd4 Kg7 49. Ke5 Bb1 50. Kxe6 Bd3 51. Ke5 Kg6 52. Kd4 Kg7 53. Kc5 Kg6 54. Ra2 Bc4 55. Ra5 Be2 56. Rxb5 Bxb5 57. Kxb5 h5 58. gxh5+ Kxh5 59. Kc6 Kg4 60. b5 Kxg3 61. b6 Kf2 62. b7 Kxe3 63. b8Q Kf3 64. Qb4 e3 65. Qe1 e2 66. Kd5 g4 67. Kd4 g3 68. Kd3 g2 69. Qg1 e1Q 70. Qxe1 Kg4 71. Ke3 Kh3 72. Kf3 1-0

[Event "Alicante Easter op 7th"]
[Site "La Nucia"]
[Date "2023.04.05"]
[Round "1"]
[White "Solodovnichenko, Yuri"]
[Black "Palomo Monserrat, Lorenzo"]
[Result "1-0"]
[WhiteElo "2489"]
[BlackElo "1890"]
[PlyCount "105"]
[EventDate "2023.04.05"]
[EventType "swiss"]
[EventRounds "9"]
[EventCountry "ESP"]
[SourceTitle "CBM 213 Extra"]
[Source "ChessBase"]
[SourceDate "2023.05.31"]
[SourceVersion "1"]
[SourceVersionDate "2023.05.31"]
[SourceQuality "1"]

1. e4 c5 2. Nf3 d6 3. Bb5+ Nd7 4. a4 g6 5. 0-0 Bg7 6. Re1 Ngf6 7. a5 a6 8. Bf1 0-0 9. Nc3 b5 10. axb6 Nxb6 11. d4 cxd4 12. Nxd4 Bb7 13. Nb3 Qc7 14. Na5 Bc8 15. Be3 Ng4 16. Bd4 d5 17. e5 Nxe5 18. Bxb6 Qxb6 19. Nxd5 Qd6 20. c4 Rb8 21. b3 Be6 22. Nf4 Rfd8 23. Qxd6 Rxd6 24. c5 Rd7 25. Nxe6 fxe6 26. Rac1 Rc7 27. Re4 Nc6 28. Nxc6 Rxc6 29. Bc4 Kf8 30. Bxe6 Bb2 31. Rf4+ Kg7 32. Re1 Rf8 33. Rc4 Rd8 34. Bg4 e5 35. Bf3 Rc7 36. c6 Rb8 37. Rb1 Bd4 38. Ra4 Rb6 39. Kf1 Kf6 40. Be4 Ke6 41. Ke2 Kd6 42. f3 Ke6 43. Kd3 Kd6 44. Kc4 Ra7 45. Ra5 Rb5 46. b4 Kc7 47. f4 Kb6 48. Rb3 Rf7 49. g3 Re7 50. Rba3 Ra7 51. Rxa6+ Rxa6 52. Rxa6+ Kxa6 53. c7 1-0

[Event "Madrid-ch Previa B"]
[Site "Madrid"]
[Date "2023.02.25"]
[Round "9.5"]
[White "Vinas Lopez, Carlos"]
[Black "Palomo Monserrat, Lorenzo"]
[Result "1/2-1/2"]
[WhiteElo "1837"]
[BlackElo "1835"]
[PlyCount "20"]
[EventDate "2023.02.02"]
[EventType "swiss"]
[EventRounds "9"]
[EventCountry "ESP"]
[SourceTitle "EXT 2024"]
[Source "ChessBase"]
[SourceDate "2023.10.10"]
[SourceVersion "1"]
[SourceVersionDate "2023.10.10"]
[SourceQuality "1"]

1. d4 d5 2. Bf4 Nf6 3. e3 e6 4. Nd2 Bd6 5. Bg3 0-0 6. Bd3 b6 7. e4 dxe4 8. Nxe4 Bb7 9. Qe2 Nxe4 10. Bxe4 Bxe4 1/2-1/2

[Event "Madrid-ch Previa B"]
[Site "Madrid"]
[Date "2023.02.18"]
[Round "7.7"]
[White "Santamaria Baeza, Adolfo"]
[Black "Palomo Monserrat, Lorenzo"]
[Result "0-1"]
[WhiteElo "1868"]
[BlackElo "1835"]
[PlyCount "94"]
[EventDate "2023.02.02"]
[EventType "swiss"]
[EventRounds "9"]
[EventCountry "ESP"]
[SourceTitle "EXT 2024"]
[Source "ChessBase"]
[SourceDate "2023.10.10"]
[SourceVersion "1"]
[SourceVersionDate "2023.10.10"]
[SourceQuality "1"]

1. e4 c5 2. Nf3 d6 3. Bc4 Nc6 4. c3 Nf6 5. d3 Bg4 6. Bf4 e6 7. 0-0 Be7 8. Nbd2 0-0 9. h3 Bxf3 10. Qxf3 Ne5 11. Bxe5 dxe5 12. a4 Qd6 13. Rfe1 Rfd8 14. Re3 g6 15. Bb3 Nh5 16. Nc4 Qc7 17. Qg4 Nf4 18. Rd1 Rd7 19. Kh2 Rad8 20. Bc2 Kg7 21. g3 Nh5 22. Qf3 b6 23. h4 Nf6 24. g4 h5 25. gxh5 Nxh5 26. Rg1 Nf4 27. Rg4 Rh8 28. Qg3 f5 29. exf5 exf5 30. Nxe5 fxg4 31. Nxd7 Rxh4+ 32. Kg1 Nh3+ 33. Kf1 Qxd7 34. d4 cxd4 35. cxd4 Qd6 36. Re5 Bf6 37. Bxg6 Bxe5 38. Qxh4 Qxg6 39. Qe7+ Kh6 40. Qxe5 Qd3+ 41. Qe2 Qxe2+ 42. Kxe2 Kg5 43. Ke3 Kf5 44. b4 Nxf2 45. Kxf2 Ke4 46. Kg3 Kxd4 47. a5 Kc4 0-1

[Event "Madrid-ch Previa B"]
[Site "Madrid"]
[Date "2023.02.11"]
[Round "5.6"]
[White "Cabanas Bravo, Juan Andres"]
[Black "Palomo Monserrat, Lorenzo"]
[Result "1-0"]
[WhiteElo "1860"]
[BlackElo "1835"]
[PlyCount "77"]
[EventDate "2023.02.02"]
[EventType "swiss"]
[EventRounds "9"]
[EventCountry "ESP"]
[SourceTitle "EXT 2024"]
[Source "ChessBase"]
[SourceDate "2023.10.10"]
[SourceVersion "1"]
[SourceVersionDate "2023.10.10"]
[SourceQuality "1"]

1. e4 c5 2. Nf3 d6 3. d4 cxd4 4. Nxd4 Nf6 5. Nc3 Nc6 6. Bg5 e6 7. Qd2 a6 8. 0-0-0 Bd7 9. f4 b5 10. Bxf6 gxf6 11. Nxc6 Bxc6 12. Qe1 Qa5 13. Kb1 Be7 14. Bd3 b4 15. Ne2 Qc5 16. Qg3 h5 17. f5 a5 18. Qg7 Rf8 19. fxe6 fxe6 20. Nf4 a4 21. Nxe6 Qe5 22. Qg6+ Rf7 23. Nc7+ Kd8 24. Qxf7 Kxc7 25. Rhf1 a3 26. Qb3 Bd7 27. Kc1 f5 28. Qc4+ Bc6 29. Rxf5 Bg5+ 30. Rxg5 Qxg5+ 31. Kb1 Qe5 32. Qxb4 axb2 33. Rf1 Qe6 34. Qb3 d5 35. exd5 Bxd5 36. Qc3+ Kd6 37. Rf6 Rxa2 38. Rxe6+ Kxe6 39. Bc4 1-0

[Event "Madrid-ch Previa B"]
[Site "Madrid"]
[Date "2023.02.04"]
[Round "3.3"]
[White "Torres Rebolledo, Alvaro"]
[Black "Palomo Monserrat, Lorenzo"]
[Result "1-0"]
[WhiteElo "1982"]
[BlackElo "1835"]
[PlyCount "67"]
[EventDate "2023.02.02"]
[EventType "swiss"]
[EventRounds "9"]
[EventCountry "ESP"]
[SourceTitle "EXT 2024"]
[Source "ChessBase"]
[SourceDate "2023.10.10"]
[SourceVersion "1"]
[SourceVersionDate "2023.10.10"]
[SourceQuality "1"]

1. e4 c5 2. c3 Nf6 3. e5 Nd5 4. d4 cxd4 5. Nf3 Nc6 6. cxd4 d6 7. Bc4 Nb6 8. Bb5 Bd7 9. Nc3 e6 10. 0-0 Qc7 11. Bf4 a6 12. Bxc6 Bxc6 13. Rc1 Qd7 14. Re1 Nd5 15. Bg3 Nxc3 16. Rxc3 d5 17. a3 a5 18. Qd2 a4 19. Rec1 Be7 20. Qf4 0-0 21. Bh4 Rfc8 22. Bxe7 Qxe7 23. h4 Qd7 24. h5 h6 25. g4 Bb5 26. g5 hxg5 27. Nxg5 Rc4 28. h6 gxh6 29. Nxf7 Qxf7 30. Rg3+ Kf8 31. Qxh6+ Ke7 32. Rxc4 Bxc4 33. Rg7 Rg8 34. Qf6+ 1-0

[Event "Madrid-ch Previa B"]
[Site "Madrid"]
[Date "2023.02.03"]
[Round "2.10"]
[White "Palomo Monserrat, Lorenzo"]
[Black "Martinez Manrique, Jaime Rodrigo"]
[Result "1-0"]
[WhiteElo "1835"]
[BlackElo "1373"]
[PlyCount "49"]
[EventDate "2023.02.02"]
[EventType "swiss"]
[EventRounds "9"]
[EventCountry "ESP"]
[SourceTitle "EXT 2024"]
[Source "ChessBase"]
[SourceDate "2023.10.10"]
[SourceVersion "1"]
[SourceVersionDate "2023.10.10"]
[SourceQuality "1"]

1. d4 f5 2. g3 Nf6 3. Bg2 g6 4. c4 Bg7 5. Nc3 d6 6. Nf3 0-0 7. 0-0 Qe8 8. b3 Nbd7 9. Bb2 c6 10. a4 a5 11. Qc2 e5 12. dxe5 dxe5 13. e4 Nc5 14. Ba3 Qe7 15. Rad1 Bd7 16. Qe2 fxe4 17. Bxc5 exf3 18. Qe3 Ng4 19. Bxe7 Nxe3 20. fxe3 fxg2 21. Rxf8+ Bxf8 22. Bxf8 Bh3 23. Bh6 Re8 24. Ne4 Bg4 25. Nf6+ 1-0

[Event "Collado Villalba Grupo Gallinero op 1st"]
[Site "Collado Villalba"]
[Date "2022.08.16"]
[Round "8"]
[White "Martin Garcia, Francisco Javier"]
[Black "Palomo Monserrat, Lorenzo"]
[Result "0-1"]
[WhiteElo "1509"]
[BlackElo "1665"]
[PlyCount "64"]
[EventDate "2022.08.12"]
[EventType "swiss"]
[EventRounds "9"]
[EventCountry "ESP"]
[SourceTitle "CBM 210 Extra"]
[Source "ChessBase"]
[SourceDate "2022.11.30"]
[SourceVersion "1"]
[SourceVersionDate "2022.11.30"]
[SourceQuality "1"]

1. d4 d5 2. g3 Nf6 3. Bg2 e6 4. Nf3 Be7 5. 0-0 0-0 6. c4 dxc4 7. Ne5 Nc6 8. Bxc6 bxc6 9. Nxc6 Qd6 10. Nxe7+ Qxe7 11. b3 cxb3 12. axb3 Rd8 13. e3 Bb7 14. Ba3 Qd7 15. Nc3 Qc6 16. f3 Qxc3 17. Kf2 Nd5 18. Re1 Nb4 19. Bxb4 Qxb4 20. Qc2 Rd7 21. Ra4 Qe7 22. Rea1 a6 23. b4 Rad8 24. Qc4 e5 25. b5 Qf6 26. f4 axb5 27. Qb3 bxa4 28. Qxb7 exd4 29. Rxa4 dxe3+ 30. Ke2 Rd2+ 31. Kxe3 R8d3+ 32. Ke4 Qe6# 0-1

[Event "Collado Villalba Grupo Gallinero op 1st"]
[Site "Collado Villalba"]
[Date "2022.08.14"]
[Round "4"]
[White "Corbinos Cuartero, Manuel Alberto"]
[Black "Palomo Monserrat, Lorenzo"]
[Result "1-0"]
[WhiteElo "1818"]
[BlackElo "1665"]
[PlyCount "127"]
[EventDate "2022.08.12"]
[EventType "swiss"]
[EventRounds "9"]
[EventCountry "ESP"]
[SourceTitle "CBM 210 Extra"]
[Source "ChessBase"]
[SourceDate "2022.11.30"]
[SourceVersion "1"]
[SourceVersionDate "2022.11.30"]
[SourceQuality "1"]

1. d4 d5 2. c4 dxc4 3. Nc3 e5 4. e3 exd4 5. exd4 Nf6 6. Bxc4 c6 7. Nf3 Be7 8. 0-0 0-0 9. h3 Nbd7 10. Bg5 Nb6 11. Bb3 Nbd5 12. Nxd5 Nxd5 13. Bxd5 Bxg5 14. Bb3 Bf6 15. Qd3 Qd6 16. Rad1 Be7 17. d5 cxd5 18. Bxd5 Rd8 19. Qb3 Qf6 20. Rfe1 Bd6 21. Bxf7+ Qxf7 22. Rxd6 Bf5 23. Rxd8+ Rxd8 24. Qxf7+ Kxf7 25. Rc1 Kf6 26. Rc7 Rd7 27. Rxd7 Bxd7 28. Kf1 Be6 29. a3 Bd5 30. Ke2 Kf5 31. Ke3 h5 32. g3 g5 33. Nd4+ Ke5 34. f4+ Kf6 35. Nf3 g4 36. hxg4 hxg4 37. Nd4 a6 38. Ne2 b5 39. Kd4 Bg2 40. b4 Kf5 41. Nc3 Bb7 42. Nd5 Ke6 43. Nc3 Kf5 44. Nd1 Bc8 45. Nb2 Bb7 46. Nd3 Bc8 47. Nc5 Kf6 48. Kd5 Kf5 49. Kd6 Kf6 50. Kc7 Bf5 51. Kd6 Bc8 52. Nd7+ Kf5 53. Kc7 Bxd7 54. Kxd7 Ke4 55. Kc6 Kf3 56. f5 Kxg3 57. f6 Kh2 58. f7 g3 59. f8Q g2 60. Qh6+ Kg3 61. Qg6+ Kh2 62. Kb6 g1Q+ 63. Qxg1+ Kxg1 64. Kxa6 1-0

[Event "ESP-ch U14"]
[Site "Salobrena"]
[Date "2022.07.20"]
[Round "4"]
[White "Ortega Herrera, Paris Francisco"]
[Black "Palomo Monserrat, Lorenzo"]
[Result "1/2-1/2"]
[WhiteElo "1574"]
[BlackElo "1806"]
[PlyCount "95"]
[EventDate "2022.07.18"]
[EventType "swiss"]
[EventRounds "9"]
[EventCountry "ESP"]
[SourceTitle "EXT 2023"]
[Source "ChessBase"]
[SourceDate "2022.10.05"]
[SourceVersion "1"]
[SourceVersionDate "2022.10.05"]
[SourceQuality "1"]

1. d4 d5 2. c4 dxc4 3. Nf3 Nf6 4. e3 e6 5. Bxc4 c5 6. 0-0 a6 7. dxc5 Qxd1 8. Rxd1 Bxc5 9. b3 b5 10. Be2 Nbd7 11. Bb2 Bb7 12. Nbd2 Ke7 13. a3 Rac8 14. Rac1 Bd5 15. Bd3 Ba7 16. b4 Nb6 17. Bd4 Rxc1 18. Rxc1 Rc8 19. Rxc8 Nxc8 20. Bxa7 Nxa7 21. Nd4 Nc6 22. Nxc6+ Bxc6 23. Nb3 Nd7 24. f3 Bd5 25. Nd2 Ne5 26. Be2 Bc4 27. Kf2 Kd6 28. Bxc4 bxc4 29. Ke2 Kd5 30. Ne4 Kc6 31. Kd2 Kb5 32. f4 Ng4 33. h3 Nf6 34. Nd6+ Ka4 35. Nxc4 Kb3 36. Kd3 Nd5 37. Nd6 Kxa3 38. b5 axb5 39. Nxb5+ Kb4 40. Nd6 f6 41. Ne8 g6 42. Ng7 Nc7 43. Ke4 Kc5 44. g4 Kd6 45. f5 exf5+ 46. gxf5 Nd5 47. fxg6 hxg6 48. Ne8+ 1/2-1/2

[Event "ESP-ch U12 Rapid"]
[Site "Salobrena"]
[Date "2022.07.17"]
[Round "9"]
[White "Palomo Monserrat, Lorenzo"]
[Black "Herrero Pena, Laura"]
[Result "1-0"]
[WhiteElo "1456"]
[BlackElo "1269"]
[PlyCount "95"]
[EventDate "2022.07.09"]
[EventType "swiss (rapid)"]
[EventRounds "9"]
[EventCountry "ESP"]
[SourceTitle "EXT 2023"]
[Source "ChessBase"]
[SourceDate "2022.10.05"]
[SourceVersion "1"]
[SourceVersionDate "2022.10.05"]
[SourceQuality "1"]

1. d4 Nf6 2. c4 g6 3. Nc3 Bg7 4. e4 d6 5. Nf3 0-0 6. Be2 Bg4 7. h3 Bxf3 8. Bxf3 Nfd7 9. Be3 Nc6 10. Qd2 Re8 11. Be2 e5 12. dxe5 Ndxe5 13. Rd1 Qe7 14. Nd5 Qd7 15. Bg5 Rec8 16. f4 h6 17. Bxh6 Qe6 18. Bxg7 Kxg7 19. fxe5 Nxe5 20. Nf4 Qf6 21. 0-0 Qh4 22. Qd4 f6 23. Nd5 Nd7 24. Bg4 Rd8 25. Bxd7 Rxd7 26. Nxf6 Rf7 27. Ne8+ Kg8 28. Qd5 Qe7 29. Rxf7 Qxf7 30. Qxf7+ Kxf7 31. Nxc7 Rc8 32. Nb5 Rd8 33. Nxd6+ Ke6 34. e5 Ke7 35. Rf1 Rf8 36. Rxf8 Kxf8 37. Nxb7 Ke7 38. c5 Ke6 39. c6 Kxe5 40. c7 Ke6 41. c8Q+ Ke7 42. Kf2 Kf7 43. Ke3 Ke7 44. Ke4 Kf7 45. Ke5 Kg7 46. Qe6 Kf8 47. Kf6 g5 48. Qf7# 1-0

[Event "ESP-ch U12 Rapid"]
[Site "Salobrena"]
[Date "2022.07.16"]
[Round "1"]
[White "Palomo Monserrat, Lorenzo"]
[Black "Morras Alonso, Gael"]
[Result "1-0"]
[WhiteElo "1456"]
[BlackElo "1197"]
[PlyCount "55"]
[EventDate "2022.07.09"]
[EventType "swiss (rapid)"]
[EventRounds "9"]
[EventCountry "ESP"]
[SourceTitle "EXT 2023"]
[Source "ChessBase"]
[SourceDate "2022.10.05"]
[SourceVersion "1"]
[SourceVersionDate "2022.10.05"]
[SourceQuality "1"]

1. d4 c5 2. d5 d6 3. Nc3 Nf6 4. e4 e6 5. Nf3 exd5 6. exd5 Bf5 7. Bb5+ Nbd7 8. a4 a6 9. Be2 Be7 10. 0-0 0-0 11. Bf4 Nh5 12. Be3 Ne5 13. Nxe5 dxe5 14. Bxh5 g6 15. Bg4 Bxg4 16. Qxg4 f5 17. Qe2 Qb6 18. Qc4 Qxb2 19. d6+ Kg7 20. dxe7 Rfe8 21. Nd5 Rac8 22. Rfb1 Qxa1 23. Rxa1 Rc7 24. Qh4 f4 25. Nxc7 fxe3 26. Nxe8+ Kf7 27. Qf6+ Kg8 28. Qg7# 1-0

[Event "ESP-ch U12 Rapid"]
[Site "Salobrena"]
[Date "2022.07.16"]
[Round "4"]
[White "Villa Tornero, Alex"]
[Black "Palomo Monserrat, Lorenzo"]
[Result "1-0"]
[WhiteElo "1925"]
[BlackElo "1456"]
[PlyCount "67"]
[EventDate "2022.07.09"]
[EventType "swiss (rapid)"]
[EventRounds "9"]
[EventCountry "ESP"]
[SourceTitle "EXT 2023"]
[Source "ChessBase"]
[SourceDate "2022.10.05"]
[SourceVersion "1"]
[SourceVersionDate "2022.10.05"]
[SourceQuality "1"]

1. e4 c5 2. Nf3 d6 3. d4 cxd4 4. Nxd4 Nf6 5. Nc3 Nc6 6. Nb3 e6 7. Be3 Be7 8. f3 0-0 9. Qd2 a6 10. g4 b5 11. 0-0-0 Qc7 12. g5 Nd7 13. Qf2 Nce5 14. h4 Nc4 15. Bxc4 Qxc4 16. h5 Ne5 17. Rhg1 Qc7 18. Bb6 Qd7 19. Na5 Bd8 20. f4 Nc6 21. Nxc6 Qxc6 22. Bxd8 Rxd8 23. g6 fxg6 24. hxg6 h6 25. f5 b4 26. fxe6 Bxe6 27. Nd5 Bxd5 28. Rxd5 Qd7 29. e5 Qe6 30. Rxd6 Rxd6 31. exd6 Rd8 32. Qf3 Kh8 33. b3 Rxd6 34. Qf8+ 1-0

[Event "ESP-ch U12"]
[Site "Salobrena"]
[Date "2022.07.13"]
[Round "5"]
[White "Collado Perez, Marcos"]
[Black "Palomo Monserrat, Lorenzo"]
[Result "1-0"]
[WhiteElo "1344"]
[BlackElo "1806"]
[PlyCount "59"]
[EventDate "2022.07.04"]
[EventType "swiss"]
[EventRounds "9"]
[EventCountry "ESP"]
[SourceTitle "EXT 2023"]
[Source "ChessBase"]
[SourceDate "2022.10.05"]
[SourceVersion "1"]
[SourceVersionDate "2022.10.05"]
[SourceQuality "1"]

1. c4 e5 2. g3 Nc6 3. Bg2 f5 4. Nc3 Nf6 5. e3 d5 6. cxd5 Nb4 7. Nf3 Nd3+ 8. Kf1 e4 9. Ne1 b6 10. Nxd3 exd3 11. Qa4+ Nd7 12. Qd4 Ba6 13. Qa4 Qc8 14. d6 Bxd6 15. Bxa8 Qxa8 16. Rg1 Qb7 17. b4 Bc4 18. b5 Be6 19. Ba3 Be5 20. Qd1 Bf6 21. f4 Kd8 22. Kf2 g5 23. Qf3 Qb8 24. Rac1 g4 25. Qc6 Re8 26. Nd5 Bxd5 27. Qxd5 h5 28. Rc6 h4 29. Rxf6 Kc8 30. Qxf5 1-0

[Event "ESP-ch U12"]
[Site "Salobrena"]
[Date "2022.07.11"]
[Round "2"]
[White "Palomo Monserrat, Lorenzo"]
[Black "Mellado Sais, Carles"]
[Result "0-1"]
[WhiteElo "1806"]
[BlackElo "1418"]
[PlyCount "51"]
[EventDate "2022.07.04"]
[EventType "swiss"]
[EventRounds "9"]
[EventCountry "ESP"]
[SourceTitle "EXT 2023"]
[Source "ChessBase"]
[SourceDate "2022.10.05"]
[SourceVersion "1"]
[SourceVersionDate "2022.10.05"]
[SourceQuality "1"]

1. d4 Nf6 2. c4 g6 3. Nc3 Bg7 4. e4 d6 5. Nf3 0-0 6. Be2 Nbd7 7. 0-0 e5 8. d5 Nc5 9. Qc2 a5 10. h3 Nh5 11. Be3 Nf4 12. b3 f5 13. Nd2 Nxe4 14. Ndxe4 fxe4 15. Nxe4 Qh4 16. Ng3 Bh6 17. Qd2 Bf5 18. Nxf5 gxf5 19. Bf3 e4 20. Bd1 Rf6 21. Bxf4 Bxf4 22. Qe2 Rg6 23. Qh5 Qf6 24. Rb1 Qg7 25. g4 Rf8 26. Kh1 0-1

[Event "Madrid-ch sf"]
[Site "Madrid"]
[Date "2022.05.13"]
[Round "9"]
[White "Palomo Monserrat, Lorenzo"]
[Black "Sanchez Garcia, Aurelio"]
[Result "1/2-1/2"]
[WhiteElo "1862"]
[BlackElo "1988"]
[PlyCount "99"]
[EventDate "2022.05.04"]
[EventType "swiss"]
[EventRounds "9"]
[EventCountry "ESP"]
[SourceTitle "EXT 2023"]
[Source "ChessBase"]
[SourceDate "2022.10.05"]
[SourceVersion "1"]
[SourceVersionDate "2022.10.05"]
[SourceQuality "1"]

1. d4 d6 2. e4 Nf6 3. Nc3 g6 4. Be2 Bg7 5. Be3 a6 6. f4 0-0 7. Qd2 Nc6 8. d5 Nb8 9. Nf3 c6 10. dxc6 Nxc6 11. 0-0-0 b5 12. h3 b4 13. e5 dxe5 14. Qe1 Qa5 15. fxe5 bxc3 16. exf6 cxb2+ 17. Kb1 Qxe1 18. Rhxe1 Bxf6 19. Nd4 Nxd4 20. Bxd4 Be6 21. Bxf6 exf6 22. Kxb2 Rab8+ 23. Ka1 Rfc8 24. Rb1 Rxb1+ 25. Kxb1 a5 26. Rc1 Bc4 27. Bf3 f5 28. Rd1 Kg7 29. Rd7 Rc5 30. a4 Kf6 31. Rb7 Ke5 32. g3 h5 33. Kc1 h4 34. gxh4 Kf4 35. Bd1 Kg3 36. h5 gxh5 37. Bxh5 f4 38. Bxf7 f3 39. Bxc4 Rxc4 40. Rg7+ Kxh3 41. Kd2 Rxa4 42. Ke3 Ra3+ 43. Kf2 Rc3 44. Rg1 a4 45. Ra1 a3 46. Rg1 Kh4 47. Rg8 a2 48. Ra8 Rxc2+ 49. Kxf3 Kg5 50. Ke3 1/2-1/2